Системы слежения за Солнцем для солнечной энергетики; Современные техника и технологии; Т. 1

Bibliografiset tiedot
Parent link:Современные техника и технологии: сборник трудов XV Международной научно-практической конференции студентов, аспирантов и молодых ученых, Томск, 4-8 мая 2009 г/ Национальный исследовательский Томский политехнический университет (ТПУ).— , 2009
Т. 1.— 2009.— [С. 54-55]
Päätekijä: Китаева М. В. Мария Валерьевна
Muut tekijät: Волгин А. В. Анатолий Валериевич (научный руководитель), Таханова В. И., Юрченко А. В.
Yhteenveto:Заглавие с титульного листа
Электронная версия печатной публикации
Kieli:venäjä
Julkaistu: 2009
Aiheet:
Linkit:http://www.lib.tpu.ru/fulltext/c/2009/C01/V1/025.pdf
Aineistotyyppi: Elektroninen Kirjan osa
KOHA link:https://koha.lib.tpu.ru/cgi-bin/koha/opac-detail.pl?biblionumber=240371

MARC

LEADER 00000naa2a2200000 4500
001 240371
005 20251208161834.0
035 |a (RuTPU)RU\TPU\book\261625 
035 |a RU\TPU\book\261618 
090 |a 240371 
100 |a 20130620d2009 k y0rusy50 ca 
101 0 |a rus 
102 |a RU 
135 |a drnn ---uucaa 
181 0 |a i  
182 0 |a b 
200 1 |a Системы слежения за Солнцем для солнечной энергетики  |f М. В. Китаева, А. В. Волгин, В. И. Таханова  |g науч. рук. А. В. Юрченко 
203 |a Текст  |c электронный 
215 |a 1 файл (299 Кб) 
300 |a Заглавие с титульного листа 
300 |a Электронная версия печатной публикации 
337 |a Adobe Reader 
461 0 |0 (RuTPU)RU\TPU\book\261117  |t Современные техника и технологии  |o сборник трудов XV Международной научно-практической конференции студентов, аспирантов и молодых ученых, Томск, 4-8 мая 2009 г  |o в 3 т.  |f Национальный исследовательский Томский политехнический университет (ТПУ)  |d 2009 
463 0 |0 (RuTPU)RU\TPU\book\261157  |t Т. 1  |v [С. 54-55]  |d 2009 
610 1 |a электронный ресурс 
610 1 |a труды учёных ТПУ 
610 1 |a солнечная энергетика 
610 1 |a системы слежения 
610 1 |a солнечные батареи 
610 1 |a кремневые энергетические установки 
610 1 |a электроэнергия 
610 1 |a стоимость 
700 1 |a Китаева  |b М. В.  |c специалист в области космического приборостроения  |c инженер Томского политехнического университета  |f 1988-  |g Мария Валерьевна  |3 (RuTPU)RU\TPU\pers\29758 
701 1 |a Волгин  |b А. В.  |c специалист в области энергетических установок  |c аспирант Томского политехнического университета  |f 1986-  |g Анатолий Валериевич  |3 (RuTPU)RU\TPU\pers\25664 
701 1 |a Таханова  |b В. И. 
702 1 |a Юрченко  |b А. В.  |4 727 
801 1 |a RU  |b 63413507  |c 20130617 
801 2 |a RU  |b 63413507  |c 20131024  |g RCR 
856 4 |u http://www.lib.tpu.ru/fulltext/c/2009/C01/V1/025.pdf 
942 |c CF